000
00335pab a2200145 454500
008
180718b2004 xxu||||| |||| 00| 0 eng d
100
_a
Tripathy, K.K.
245
_a
Cooperative credit in rural India
260
_c
2004
300
_a
p.23-27.
362
_a
Apr
650
_a
Agricultural credit
773
_a
Yojana
909
_a
59981
999
_c
59981
_d
59981